[Event "HUN-chT2 Maroczy 0607"]
[Site "Hungary"]
[Date "2007.03.25"]
[Round "7"]
[White "Toth, David Jozsef"]
[Black "Virag, Csilla"]
[Result "1/2-1/2"]
[WhiteElo "2002"]
[BlackElo "1887"]
[PlyCount "63"]
[EventDate "2006.11.12"]
[EventType "team"]
[EventRounds "11"]
[EventCountry "HUN"]
[SourceTitle "EXT 2008"]
[Source "ChessBase"]
[SourceDate "2007.11.25"]
[SourceVersion "1"]
[SourceVersionDate "2007.11.25"]
[SourceQuality "1"]
[WhiteTeam "Sarospatak"]
[BlackTeam "Teva"]
[WhiteTeamCountry "HUN"]
[BlackTeamCountry "HUN"]

1. d4 d5 2. Nf3 Nf6 3. Bg5 e6 4. Nbd2 Be7 5. e3 0-0 6. Bd3 c5 7. c3 cxd4 8. exd4 Re8 9. 0-0 Nc6 10. Re1 Bf8 11. Ne5 Be7 12. Ndf3 h6 13. Bh4 Nd7 14. Bxe7 Qxe7 15. Qe2 Nf6 16. Nxc6 bxc6 17. b4 Qc7 18. Qe5 Re7 19. Qxc7 Rxc7 20. a4 a6 21. a5 Bb7 22. Nd2 Re7 23. Nb3 Ne8 24. Nc5 Nd6 25. Re5 Bc8 26. f4 Raa7 27. Rae1 Kf8 28. R5e3 Nb5 29. Bxb5 cxb5 30. Kf2 Rac7 31. Kf3 g6 32. g4 1/2-1/2

[Event "HUN-chT2 Maroczy 0506"]
[Site "Hungary"]
[Date "2005.10.16"]
[Round "1"]
[White "Toth, Sarolta"]
[Black "Toth, David Jozsef"]
[Result "1-0"]
[WhiteElo "2042"]
[BlackElo "2013"]
[PlyCount "135"]
[EventDate "2005.10.16"]
[EventType "team"]
[EventRounds "11"]
[EventCountry "HUN"]
[SourceTitle "EXT 2009"]
[Source "ChessBase"]
[SourceDate "2008.11.26"]
[SourceVersion "1"]
[SourceVersionDate "2008.11.26"]
[SourceQuality "1"]
[WhiteTeam "Koszolg"]
[BlackTeam "Sarospatak"]
[WhiteTeamCountry "HUN"]
[BlackTeamCountry "HUN"]

1. c4 c5 2. e3 Nf6 3. Nf3 Nc6 4. b3 g6 5. Bb2 Bg7 6. Be2 0-0 7. a3 b6 8. Qc2 Bb7 9. 0-0 Rc8 10. d3 Qc7 11. Nbd2 e6 12. Rac1 Qb8 13. Qb1 d5 14. Qa1 Nh5 15. cxd5 exd5 16. d4 cxd4 17. Nxd4 Nxd4 18. Bxd4 Bxd4 19. Qxd4 Ng7 20. Nf3 Ne6 21. Qb2 Rfd8 22. Rfd1 Rxc1 23. Qxc1 Rc8 24. Qb2 Qc7 25. h3 Qc2 26. Rd2 Qxb2 27. Rxb2 Rc3 28. Kh2 Nc5 29. Nd4 a6 30. h4 h5 31. b4 Ne4 32. f3 Nd6 33. Rb3 Rxb3 34. Nxb3 Nc4 35. Bxc4 dxc4 36. Nd4 Kg7 37. Kg3 Kf6 38. Kf4 Bd5 39. Ne2 Ke6 40. Nc3 Kd6 41. e4 Be6 42. e5+ Kc6 43. g4 a5 44. Kg5 Bd5 45. f4 Bf3 46. gxh5 Bxh5 47. Kf6 Kd7 48. f5 axb4 49. axb4 gxf5 50. Kxf5 Bg6+ 51. Kf6 Bh5 52. Na4 Kc6 53. Nc3 Kd7 54. Kg5 Bg6 55. Kf4 Ke6 56. Na4 Bc2 57. Nxb6 c3 58. Nc4 Bd3 59. Ne3 c2 60. Nxc2 Bxc2 61. b5 Kd5 62. h5 Bd1 63. h6 Bc2 64. b6 Kc6 65. Kg5 Kxb6 66. Kf6 Kc7 67. Kxf7 Bb3+ 68. e6 1-0

[Event "Eger Agria op"]
[Site "Eger"]
[Date "2005.08.01"]
[Round "9"]
[White "Zambo, Zoltan"]
[Black "Toth, David Jozsef"]
[Result "1/2-1/2"]
[WhiteElo "2219"]
[BlackElo "1934"]
[PlyCount "97"]
[EventDate "2005.07.18"]
[EventType "swiss"]
[EventRounds "9"]
[EventCountry "HUN"]
[SourceTitle "EXT 2008"]
[Source "ChessBase"]
[SourceDate "2007.11.25"]
[SourceVersion "1"]
[SourceVersionDate "2007.11.25"]
[SourceQuality "1"]

1. d4 d5 2. Nf3 Nf6 3. c4 e6 4. Nc3 c6 5. g3 Nbd7 6. Qd3 Be7 7. Bg2 0-0 8. 0-0 Qc7 9. e4 dxc4 10. Qxc4 e5 11. d5 Nb6 12. Qb3 cxd5 13. Nxd5 Nbxd5 14. exd5 Rd8 15. Ng5 Bc5 16. Be3 Bxe3 17. fxe3 Qb6 18. Qxb6 axb6 19. e4 Ra4 20. b3 Rb4 21. Rae1 h6 22. Nf3 Rxe4 23. Rxe4 Nxe4 24. Nxe5 f5 25. Bxe4 fxe4 26. Rf4 Rxd5 27. Rxe4 Rd1+ 28. Kf2 Rd2+ 29. Re2 Rxe2+ 30. Kxe2 b5 31. b4 Kf8 32. Ke3 Ke7 33. a3 Kf6 34. Nf3 Bd7 35. Kd4 Kf5 36. Kc5 Ke4 37. Nd4 h5 38. Nxb5 Kf3 39. Nd6 Kg2 40. b5 Kxh2 41. Nxb7 Kxg3 42. a4 h4 43. a5 h3 44. a6 h2 45. a7 h1Q 46. a8Q Qh5+ 47. Kd6 Qxb5 48. Nd8 g5 49. Nf7 1/2-1/2

[Event "Eger Agria op"]
[Site "Eger"]
[Date "2005.07.26"]
[Round "3"]
[White "Toth, David Jozsef"]
[Black "Eberth, Zoltan"]
[Result "1-0"]
[WhiteElo "1934"]
[BlackElo "2182"]
[PlyCount "95"]
[EventDate "2005.07.18"]
[EventType "swiss"]
[EventRounds "9"]
[EventCountry "HUN"]
[SourceTitle "EXT 2008"]
[Source "ChessBase"]
[SourceDate "2007.11.25"]
[SourceVersion "1"]
[SourceVersionDate "2007.11.25"]
[SourceQuality "1"]

1. d4 d5 2. c4 e5 3. dxe5 d4 4. Nf3 c5 5. g3 Nc6 6. Bg2 Be6 7. 0-0 Bxc4 8. Bf4 Be7 9. Nbd2 Bd5 10. h4 f6 11. Qc2 fxe5 12. Nxe5 Bxg2 13. Kxg2 Nf6 14. Qc4 Qd5+ 15. Ndf3 Nxe5 16. Qxd5 Nxd5 17. Bxe5 0-0 18. Rac1 Rad8 19. Rfd1 Rd7 20. Ne1 Nb4 21. a3 Nc6 22. Bf4 b5 23. Nd3 c4 24. Ne5 Nxe5 25. Bxe5 Rfd8 26. Rd2 Rd5 27. f4 g5 28. hxg5 Rxe5 29. fxe5 Bxg5 30. Rcd1 Be3 31. Kf3 Kf7 32. Ke4 Ke6 33. Rxd4 Bxd4 34. Rxd4 Rg8 35. Rd6+ Ke7 36. Ra6 Rxg3 37. Rxa7+ Ke6 38. Ra6+ Kf7 39. Kf5 Kg7 40. Ra7+ Kh6 41. e6 Re3 42. e7 Rxe2 43. Ra6+ Kg7 44. Re6 Rf2+ 45. Kg4 Rf8 46. exf8Q+ Kxf8 47. Rb6 h5+ 48. Kxh5 1-0

[Event "Eger Agria op"]
[Site "Eger"]
[Date "2005.07.24"]
[Round "1"]
[White "Katsuhara, Osamu"]
[Black "Toth, David Jozsef"]
[Result "0-1"]
[WhiteElo "2029"]
[BlackElo "1934"]
[PlyCount "79"]
[EventDate "2005.07.18"]
[EventType "swiss"]
[EventRounds "9"]
[EventCountry "HUN"]
[SourceTitle "EXT 2008"]
[Source "ChessBase"]
[SourceDate "2007.11.25"]
[SourceVersion "1"]
[SourceVersionDate "2007.11.25"]
[SourceQuality "1"]

1. e4 c5 2. Nf3 Nc6 3. d4 cxd4 4. Nxd4 Nf6 5. Nc3 e5 6. Ndb5 d6 7. a4 a6 8. Na3 Be6 9. Bc4 Be7 10. 0-0 Rc8 11. Bg5 Nd4 12. Bxf6 Bxf6 13. Nd5 0-0 14. c3 Nc6 15. Qd3 Bg5 16. Ba2 Ne7 17. Rfd1 Rb8 18. Nxe7+ Bxe7 19. Nc4 Qc7 20. a5 Rfd8 21. Nb6 Bf8 22. b4 Kh8 23. Bd5 Qe7 24. c4 g6 25. b5 f5 26. bxa6 bxa6 27. Rdb1 Bh6 28. Bxe6 Qxe6 29. Nd5 fxe4 30. Qxe4 Rxb1+ 31. Qxb1 Rc8 32. Qb4 Qg4 33. Qxd6 Qxc4 34. g3 Qc6 35. Qxc6 Rxc6 36. Nb4 Rd6 37. Rb1 Bd2 38. Kf1 Bxb4 39. Rxb4 Rd5 40. Rb7 0-1

[Event "HUN-ch U16"]
[Site "Balatonlelle"]
[Date "2005.07.05"]
[Round "7"]
[White "Ter, Marcell"]
[Black "Toth, David Jozsef"]
[Result "1/2-1/2"]
[WhiteElo "1971"]
[BlackElo "1924"]
[PlyCount "43"]
[EventDate "2005.06.29"]
[EventType "swiss"]
[EventRounds "9"]
[EventCountry "HUN"]
[SourceTitle "EXT 2008"]
[Source "ChessBase"]
[SourceDate "2007.11.25"]
[SourceVersion "1"]
[SourceVersionDate "2007.11.25"]
[SourceQuality "1"]

1. e4 c6 2. d4 d5 3. exd5 cxd5 4. Bd3 Nc6 5. c3 g6 6. Bf4 Bg7 7. Nf3 Nf6 8. Nbd2 0-0 9. h3 Re8 10. 0-0 Nh5 11. Bh2 e5 12. dxe5 Nxe5 13. Nxe5 Bxe5 14. Bxe5 Rxe5 15. Nf3 Re8 16. Bc2 Nf4 17. Re1 Rxe1+ 18. Qxe1 Be6 19. Qe5 Nh5 20. Rd1 Qb6 21. Bb3 a5 22. Rd2 1/2-1/2

[Event "Zuzmara op"]
[Site "Aggtelek"]
[Date "2005.02.11"]
[Round "3"]
[White "Toth, David Jozsef"]
[Black "Kovacs, Tamas"]
[Result "0-1"]
[WhiteElo "1924"]
[BlackElo "2151"]
[PlyCount "80"]
[EventDate "2005.02.10"]
[EventType "swiss"]
[EventRounds "7"]
[EventCountry "HUN"]
[SourceTitle "EXT 2008"]
[Source "ChessBase"]
[SourceDate "2007.11.25"]
[SourceVersion "1"]
[SourceVersionDate "2007.11.25"]
[SourceQuality "1"]

1. d4 d6 2. e4 g6 3. Nf3 Bg7 4. Bc4 Nf6 5. Nc3 0-0 6. 0-0 c6 7. Bg5 b5 8. Bb3 b4 9. Bxf6 Bxf6 10. Ne2 Nd7 11. Re1 Qc7 12. Nf4 Bb7 13. Qe2 e5 14. dxe5 dxe5 15. Nd3 a5 16. Rad1 Ba6 17. Nd2 Nb6 18. Qf3 Kg7 19. Nc5 Bb5 20. c4 Ba6 21. Nxa6 Rxa6 22. Bc2 Be7 23. b3 Raa8 24. Nf1 Bc5 25. Ne3 Rad8 26. h4 Qe7 27. Qg3 Bxe3 28. Qxe3 c5 29. g3 h6 30. Kg2 Rd4 31. Rxd4 cxd4 32. Qf3 Nd7 33. Bd3 Nc5 34. Rd1 Qb7 35. g4 Qe7 36. Rh1 Ra8 37. Bc2 Qd8 38. h5 Qg5 39. Rh3 Ra6 40. Qe2 Ne6 0-1

[Event "HUN-ch U16"]
[Site "Miskolc"]
[Date "2004.07.09"]
[Round "5"]
[White "Csavajda, Peter"]
[Black "Toth, David Jozsef"]
[Result "0-1"]
[WhiteElo "1859"]
[BlackElo "1827"]
[PlyCount "94"]
[EventDate "2004.07.05"]
[EventType "swiss"]
[EventRounds "9"]
[EventCountry "HUN"]
[SourceTitle "EXT 2008"]
[Source "ChessBase"]
[SourceDate "2007.11.25"]
[SourceVersion "1"]
[SourceVersionDate "2007.11.25"]
[SourceQuality "1"]

1. e4 c5 2. c3 d6 3. d4 Nf6 4. dxc5 Nc6 5. cxd6 Nxe4 6. Be3 Nxd6 7. Nf3 Bg4 8. Na3 e6 9. Nc2 Be7 10. Be2 0-0 11. 0-0 e5 12. Nd2 Bxe2 13. Qxe2 Qc7 14. Bc5 Rfe8 15. Ne3 Rad8 16. Nd5 Qb8 17. Nxe7+ Nxe7 18. Nf3 Nc6 19. Rfd1 f6 20. Rd2 Nf7 21. Rad1 Rxd2 22. Rxd2 Rd8 23. Rxd8+ Qxd8 24. Qd2 Qxd2 25. Nxd2 Ng5 26. a4 Kf7 27. Kf1 Ke6 28. Ke2 f5 29. h4 Nf7 30. Bf8 g6 31. b4 Nd6 32. Bxd6 Kxd6 33. Ke3 Ke6 34. Kd3 e4+ 35. Ke3 Ke5 36. g3 h6 37. a5 g5 38. f4+ gxf4+ 39. gxf4+ Kd5 40. h5 a6 41. Nb3 Kc4 42. Nc5 Kxc3 43. Nxb7 Nxb4 44. Nd6 Nd5+ 45. Kf2 Kd2 46. Nxf5 e3+ 47. Nxe3 Nxe3 0-1

[Event "HUN-ch U16"]
[Site "Miskolc"]
[Date "2004.07.05"]
[Round "1"]
[White "Ladanyi, Zsolt"]
[Black "Toth, David Jozsef"]
[Result "1-0"]
[WhiteElo "2151"]
[BlackElo "1827"]
[PlyCount "45"]
[EventDate "2004.07.05"]
[EventType "swiss"]
[EventRounds "9"]
[EventCountry "HUN"]
[SourceTitle "EXT 2008"]
[Source "ChessBase"]
[SourceDate "2007.11.25"]
[SourceVersion "1"]
[SourceVersionDate "2007.11.25"]
[SourceQuality "1"]

1. e4 e6 2. d4 d5 3. Nd2 dxe4 4. Nxe4 Nf6 5. Bd3 Be7 6. Nf3 0-0 7. 0-0 Bd7 8. Qe2 Bc6 9. Ng3 Nbd7 10. Ne5 Nxe5 11. dxe5 Qd5 12. f4 Ne8 13. Rd1 Qa5 14. c3 Qb6+ 15. Kh1 a5 16. Ne4 Bxe4 17. Bxe4 g6 18. Be3 Bc5 19. Bxb7 Rb8 20. Bxc5 Qxc5 21. Be4 Ng7 22. Rac1 a4 23. Rd4 1-0